Manažment zásob a dodávateľských reťazcov NDaM

Problematika optimalizácie a riadenia zásob v podniku. Minimalizácia zásob náhradných dielov a materiálu (NDaM). Maximalizácia zásob NDaM. Pravidelná analýza zásob. Najčastejšie používaná ABC analýza. Zásady pre riadenie zásob NDaM.

Enregistré dans:
Détails bibliographiques
Auteur principal: Rakyta, Miroslav
Autres auteurs: Kasajová, Marta
Format: Chapitre de livre
Langue:slovaque
Sujets:
Tags: Ajouter un tag
Pas de tags, Soyez le premier à ajouter un tag!

MARC

LEADER 00000naa$a2200000$$$4500
001 0102286
005 20231129095213.1
041 0 |a slo 
044 |a CZ 
245 1 0 |a Manažment zásob a dodávateľských reťazcov NDaM  |c Miroslav Rakyta, Marta Kasajová 
520 |a Problematika optimalizácie a riadenia zásob v podniku. Minimalizácia zásob náhradných dielov a materiálu (NDaM). Maximalizácia zásob NDaM. Pravidelná analýza zásob. Najčastejšie používaná ABC analýza. Zásady pre riadenie zásob NDaM. 
610 2 0 |a zásoby 
610 2 0 |a riadenie zásob 
610 2 0 |a manažment 
610 2 0 |a analýzy 
610 2 0 |a objednávky 
610 2 0 |a zákazníci 
610 2 0 |a reťazce dodávateľsko-odberateľské 
610 2 0 |a materiál 
100 1 |a Rakyta, Miroslav 
700 1 |a Kasajová, Marta